LEADER 00605nam a2200169 i 4500 001 000000104136 003 CaOOAMICUS 005 20260407105816.0 008 011102s1975 it u000 u ita u 040 $aSeMil$bita 245 10$a5: [Ra-Zu]. 300 $aP. 3189-4132. 773 0 $aBattisti, Carlo <1882-1977>$tDizionario etimologico italiano.$dFirenze : Universitŕ degli Studi : Barbčra, 1975.$gVolume5$w()713 850 $aSeMil 852 $aSeMil$W1$xVenegono$y1$mSL1.A III 4/5$j269736$B60550$CSeMilBibl$Z2$F44986 $8I 996 $6245$a5: [Ra-Zu]$9(OLS)http://semarc/title/150184